00634nam a22001577a 4500003000900000008004100009040007100050082001500121100002400136245006100160260003900221300002800260505014600288650002200434650002000456AR-CdUCM190506b ||||| |||| 00| 0 sap d aMUNICIPALIDAD PROVINCIAL DEL CUSCOcBIBLIOTECA MUNICIPAL DEL CUSCO a980 /bC27 aCapdevilla, Arturo. aAmérica :bNuestras naciones ante los estados unidos / aBuenos Aires :bM. Gleizer,c1926. a161 páginas ;c19 cm. aContenido :Donde se hace el elogio de las ciudades nuevas y se comienza a declarar que el hombre es una deuda -- Donde al ¿quién vive? ... aAmérica latina. aEstados unidos.